| 000 -LEADER |
| fixed length control field |
00628nam a2200181K 4500 |
| 020 ## - INTERNATIONAL STANDARD BOOK NUMBER |
| ISBN |
9251047243 (v. 1) |
| 040 ## - CATALOGING SOURCE |
| Transcribing agency |
EYM |
| 082 ## - DEWEY DECIMAL CLASSIFICATION NUMBER |
| Classification number |
632 FAO 2001 A053 Or. |
| 245 00 - TITLE STATEMENT |
| Title |
Guidelines on standards for agricultural pesticide application equipment and related test procedures / |
| 246 37 - VARYING FORM OF TITLE |
| Title proper/short title |
Agricultural pesticide application equipment : standards |
| 260 ## - PUBLICATION, DISTRIBUTION, ETC. (IMPRINT) |
| Place of publication |
Rome : |
| -- |
[Great Britain] : |
| Name of publisher |
FAO, |
| Year of publication |
2001 |
| 300 ## - PHYSICAL DESCRIPTION |
| Number of Pages |
2 v. ; |
| Dimensions |
21 cm |
| 650 #0 - SUBJECT ADDED ENTRY--TOPICAL TERM |
| Topical Term |
Spraying and dusting in agriculture |
| 650 #0 - SUBJECT ADDED ENTRY--TOPICAL TERM |
| Topical Term |
Spraying equipment |
| 650 #0 - SUBJECT ADDED ENTRY--TOPICAL TERM |
| Topical Term |
Pesticides |
| 710 2# - ADDED ENTRY--CORPORATE NAME |
| Corporate name or jurisdiction name as entry element |
Food and Agriculture Organization of the United Nations |
| 942 ## - ADDED ENTRY ELEMENTS (KOHA) |
| Koha item type |
សៀវភៅភាសាអង់គ្លេស |
| 952 ## - LOCATION AND ITEM INFORMATION (KOHA) |
| Withdrawn status [LOCAL, KOHA] |
0 |